00332nam a2200133Ia 4500008004000000082001700040100001600057245004000073250000500113260004100118300000800159440000600167650002500173210210b1978 xxu||||| |||| 00| 0 eng d a657.044 RAMA aRAMAN (B S) aAccountancy and Commerce. Ed 4. V2. a aMangalore.bUnited Publishers,c1978 a592 a2 aAccountancy II PUC